Únavová pevnosť tvárnej liatiny v podmienkach železničnej dopravy

Podrobná bibliografia
Hlavný autor: Nedorost, Juraj (Author)
Médium: Článok
Jazyk:Slovak
Témy:
Zdroj: 1. Únava konštrukčných materiálov 1. Žilina : Dom techniky ČSVTS, 1989 1. S. 132-135
LEADER 00908nab#a2200349#ar4500
001 000110321
003 SVKKK
005 20130430101923.0
008 130430c1989 xo |||||||||||||||b|slo
FMT
038 |a SVKKK 
040 |a SVKKK  |b slo  |e AACR2 
041 0 |a slo  |b eng 
044 |a xo  |c SK 
080 |a 669.131.7  |2 2008 
080 |a 629.4.023.11  |2 2008 
100 1 |a Nedorost, Juraj  |4 aut 
245 1 0 |a Únavová pevnosť tvárnej liatiny v podmienkach železničnej dopravy  |c Juraj Nedorost 
300 |b Obr., tab. 
504 |a Bibliogr. odkazy 
504 |a Res. angl. 
650 0 4 |a tvárna liatina 
650 0 4 |a železničné podvozky 
650 0 4 |a únavová pevnosť 
773 0 |t Únava konštrukčných materiálov  |d Žilina : Dom techniky ČSVTS, 1989  |g S. 132-135 
958 |a RK 
958 |a NB 
974 |a Ma 
992 |a RZB 
BAS
852 |a SVKKK  |b BIB 
998 |a HUT